000 00533nam a2200193 a 4500
001 16094
003 CO-ViMGA
008 141112s2004 ck r 000 u spa d
020 _a8484610926
040 _aCO-ViMGA
_bspa
_cCO-ViMGA
082 _a843.71 S735r
100 1 _aStendhal, H.B. , 1783 - 1842
_96443
245 1 0 _aRojo y Negro
260 _aBarcelona (Epaña) :
_bEdicomunicación s.a.2001
300 _a478.p.
590 _aForma de adquisición : Premio - Mincultura
650 1 4 _aNOVELA FRANCESA
_92629
942 _2ddc
_cBK
999 _c11523
_d11523